00177nam a22000737a 4500008004100000020001300041245003500054300001400089210622b xxu||||| |||| 00| 0 eng d a03043932 aJournal of monetary economics  a1200-1358